000 002990000a22001090004500
100 1 _aViana, Carlos H.
245 1 0 _aLa vida en los tiempos bíblicos
300 _aVol.48, núm.205 (1993), Pàginas 15-17
650 1 4 _aHISTORIA-TIEMPOS BÍBLICOS
773 0 _tLa Biblia en las Américas
942 _cANA
999 _c62908
_d62908